[Event "Autumn Cup"]
[Site "Wellington Chess Club"]
[Date "2022.06.09"]
[Round "4.3"]
[White "Perrin, Brent"]
[Black "Malcolm, Leo"]
[Result "1-0"]
[WhiteElo "1887"]
[BlackElo "1800"]

1. d4 Nf6 2. Bf4 c5 3. c3 d5 4. Nf3 Bf5 5. e3 e6 6. Bd3 Bg6 7. O-O c4 8. Be2
Bd6 9. Ne5 b5 10. Nxg6 hxg6 11. Bg3 Ne4 12. Nd2 Nxg3 13. hxg3 Qg5 14. e4 Qh6
15. f4 Qh2+ 16. Kf2 Rh3 17. Bf3 Qxg3+ 18. Ke2 Rh2 19. exd5 Rxg2+ 20. Bxg2 Qxg2+
21. Rf2 Qxd5 22. Qh1 Qh5+ 23. Ke3 Qxh1 24. Rxh1 Nd7 25. Rh8+ Bf8 26. Ne4 Nf6
27. Nxf6+ gxf6 28. Rfh2 a5 29. Rxf8+ 1-0

[Event "Autumn Cup"]
[Site "Wellington Chess Club"]
[Date "2022.06.09"]
[Round "4.3"]
[White "Shepherd, Blake"]
[Black "Ashe, Michael"]
[Result "0-1"]
[WhiteElo "1300"]
[BlackElo "1688"]

1. d4 Nf6 2. Nf3 d5 3. c4 e6 4. Bg5 Bb4+ 5. Nc3 dxc4 6. e3 b5 7. a4 c6 8. axb5
cxb5 9. Nd2 Bxc3 10. bxc3 Bb7 11. Bxf6 Qxf6 12. Qh5 a6 13. f3 O-O 14. Ne4 Bxe4
15. fxe4 Nd7 16. e5 Qg6 17. Qf3 Qc2 18. e4 f6 19. Be2 fxe5 20. Qh3 Rf6 21. Rf1
Rxf1+ 22. Kxf1 Nf8 23. dxe5 Qxe4 24. Bf3 Qd3+ 25. Kf2 Ra7 26. Bg4 Qxh3 27. Bxh3
Kf7 28. Ke3 Nd7 29. Kd4 Ke7 30. g4 g5 31. Bg2 Nb8 32. Be4 h6 33. Bg6 Rd7+ 34.
Kc5 Kd8 35. Kb6 Kc8 36. Be4 Rf7 37. Bc6 Rc7 38. Be4 Nd7+ 39. Ka5 Nc5 40. Re1
Kb8 41. Bg2 Ka7 42. Rf1 Nb3+ 43. Kb4 Kb6 44. Rf6 Nc5 45. Rxh6 Rg7 46. h3 Nd3+
47. Ka3 Nf4 48. Bf1 Rd7 49. h4 Rd1 50. Bxc4 bxc4 51. hxg5 Kc5 52. g6 Rd8 53.
Ka4 Rg8 54. Ka5 Rxg6 55. Rxg6 Nxg6 56. Kxa6 Nxe5 57. g5 Ng6 58. Kb7 e5 59. Kc7
e4 60. Kd7 Kd5 61. Ke8 Ke5 62. Kf7 Kf5 0-1

[Event "Autumn Cup"]
[Site "Wellington Chess Club"]
[Date "2022.06.09"]
[Round "4.4"]
[White "Darr, Samuel"]
[Black "Jones, Christopher"]
[Result "0-1"]
[WhiteElo "1581"]
[BlackElo "1531"]

1. e4 c5 2. Nf3 Nc6 3. d4 cxd4 4. Nxd4 e5 5. Nf3 Nf6 6. Nc3 Bb4 7. Bg5 h6 8.
Bxf6 Bxc3+ 9. bxc3 Qxf6 10. Bd3 d6 11. O-O Bg4 12. h3 Bxf3 13. Qxf3 Qxf3 14.
gxf3 Rc8 15. Rab1 Na5 16. c4 b6 17. Rb4 Kd7 18. Rd1 Rc7 19. Bf1 g6 20. h4 f5
21. h5 fxe4 22. fxe4 gxh5 23. Kh2 Rf8 24. Kg3 Ke6 25. Rd2 Rg7+ 26. Kh4 Rg4+ 27.
Kxh5 Rxe4 28. Kxh6 Rh4+ 29. Kg5 Rh2 30. Kg4 e4 31. Kg3 e3 32. Re2 Rfxf2 33.
Rxe3+ Kd7 34. Bh3+ Kc6 35. Re7 Kc5 36. Rb2 Nxc4 37. Rc7+ Kd5 38. Rb5+ Kd4 39.
Rb4 Rxc2 40. Bf1 d5 41. Rxa7 Rxa2 42. Bxc4 Rhg2+ 43. Kh3 Rxa7 44. Bxd5+ Kc5 45.
Rxb6 Rd2 46. Rb7 Ra3+ 47. Rb3 Rd3+ 0-1

[Event "Autumn Cup"]
[Site "Wellington Chess Club"]
[Date "2022.06.09"]
[Round "4.5"]
[White "McConnell, Jack"]
[Black "Lavender, Ariel"]
[Result "0-1"]
[WhiteElo "1100"]
[BlackElo "1335"]

1. b3 Nf6 2. Bb2 d5 3. Nf3 c5 4. e3 Nc6 5. Bb5 Qc7 6. Ne5 Nd7 7. Bxc6 bxc6 8.
Nf3 e5 9. d3 d4 10. O-O Bd6 11. Nbd2 Nb6 12. e4 O-O 13. Nh4 f5 14. Nxf5 Bxf5
15. exf5 Rxf5 16. Ne4 Nd5 17. Nxd6 Qxd6 18. Qe2 Qg6 19. Rfe1 Nf4 20. Qe4 Nxg2
21. Qxf5 Qxf5 22. Kxg2 Qg4+ 23. Kh1 Qf3+ 24. Kg1 Rf8 25. Rxe5 Rf4 26. Rg5 Rg4+
27. Rxg4 Qxg4+ 28. Kh1 Qe2 29. Rg1 Qxc2 30. Bc1 Qxd3 31. Bh6 g6 32. Re1 Kf7 33.
Kg1 Qh3 34. Bc1 Qc3 35. Kf1 d3 36. Bg5 Kg8 37. Re8+ Kf7 38. Re7+ Kf8 39. Rd7
Qc2 40. Be7+ Ke8 41. Rxa7 Qe2+ 42. Kg2 d2 43. Bxc5 Qg4+ 44. Kf1 d1=R# 0-1

[Event "Autumn Cup"]
[Site "Wellington Chess Club"]
[Date "2022.06.09"]
[Round "4.6"]
[White "Hupert, Leo"]
[Black "Farrington, Lawrence"]
[Result "1-0"]
[WhiteElo "1277"]
[BlackElo "1600"]

1. d4 d6 2. e4 g6 3. Nc3 Bg7 4. Nf3 Bg4 5. Be3 Nf6 6. h3 Bxf3 7. Qxf3 e5 8.
dxe5 dxe5 9. Rd1 Qe7 10. a3 O-O 11. b4 Rd8 12. Bc5 Rxd1+ 13. Qxd1 Qe8 14. Nd5
Nxd5 15. Qxd5 Nc6 16. Bb5 Rd8 17. Qc4 a6 18. Bxc6 Qxc6 19. O-O b6 20. Qxa6 Qxe4
21. Be7 Rd7 22. Qc8+ 1-0

[Event "Autumn Cup"]
[Site "Wellington Chess Club"]
[Date "2022.06.09"]
[Round "4.7"]
[White "Mavaram, Eashan"]
[Black "Mills, Dan"]
[Result "1-0"]
[WhiteElo "1217"]
[BlackElo "1100"]

1. e4 e5 2. Nf3 d6 3. Bc4 Nf6 4. d3 h6 5. h3 Bd7 6. Be3 b5 7. Bb3 Nc6 8. Nbd2
a5 9. a3 Be7 10. c3 O-O 11. O-O a4 12. Ba2 Be6 13. Bb1 d5 14. Qe2 d4 15. cxd4
exd4 16. Bf4 Bd6 17. e5 Nh5 18. Bh2 Bc5 19. Ne4 Be7 20. Ba2 Bxa2 21. Rxa2 Qd5
22. Raa1 Rae8 23. g4 f5 24. gxh5 fxe4 25. dxe4 Qd7 26. Nd2 d3 27. Qg4 Nxe5 28.
Bxe5 Qxg4+ 29. hxg4 Bg5 30. f4 Be7 31. Bxc7 Bc5+ 32. Kg2 Be3 33. Rad1 Rc8 34.
Bd6 Rfd8 35. Bb4 Rc2 36. Bc3 Rf8 37. Kf3 Bxf4 38. Kg2 Bg5 39. Rxf8+ Kxf8 40.
Kf3 Kf7 41. e5 g6 42. hxg6+ Kxg6 43. Ke4 Kf7 44. Kxd3 Bxd2 45. Kxc2 Bxc3 46.
Kxc3 Ke6 47. Kd4 Kf7 48. Kd5 Kg6 49. e6 Kg5 50. e7 Kxg4 51. e8=Q h5 52. Qg6+
Kf4 53. Rd4+ Ke3 54. Qe4+ Kf2 55. Rd2+ Kf1 56. Qh1# 1-0

[Event "Autumn Cup"]
[Site "Wellington Chess Club"]
[Date "2022.06.09"]
[Round "4.8"]
[White "Asher, Bruce"]
[Black "Hooper, John"]
[Result "0-1"]
[WhiteElo "1101"]
[BlackElo "1181"]

1. e4 e6 2. Nc3 d5 3. exd5 exd5 4. d4 Bb4 5. Bd2 Ne7 6. Nf3 O-O 7. Bd3 Nbc6 8.
Bxh7+ Kxh7 9. Ng5+ Kg8 10. Qh5 Bf5 11. O-O-O f6 12. Nf3 Bg6 13. Qh3 Kf7 14.
Rde1 Nf5 15. Qg4 Qd7 16. Nh4 Nce7 17. Re2 Rh8 18. Nxg6 Nxg6 19. Qf3 Nxd4 20.
Qe3 Nxe2+ 21. Qxe2 Rae8 22. Qd3 Ne5 23. Qd4 Nc6 24. Qf4 d4 25. Ne4 Bxd2+ 26.
Kxd2 Rxe4 27. Qxe4 Re8 28. Qh4 Qd5 29. Qh3 Qg5+ 30. Kd1 Re5 31. Rf1 Qh5+ 32. f3
Qxh3 33. gxh3 Rh5 34. Rf2 Rxh3 35. Kd2 Ne5 36. f4 Nf3+ 37. Kd3 Nxh2+ 38. Kxd4
Ng4 39. Rd2 Ke7 40. Kc5 Ne3 41. c4 Rh5+ 42. Kb4 Rh4 43. Re2 Rh3 44. Kc5 Kd7 45.
Rd2+ Kc8 46. Kb4 g5 47. Rd4 g4 48. c5 Nc2+ 0-1

[Event "Autumn Cup"]
[Site "Wellington Chess Club"]
[Date "2022.06.09"]
[Round "4.9"]
[White "Paino, Roberto"]
[Black "Qu, Lucas"]
[Result "1-0"]
[WhiteElo "1100"]
[BlackElo "1289"]

1. e4 e5 2. Nf3 Nc6 3. Bc4 Na5 4. Be2 Nf6 5. Nc3 Nc6 6. d4 d6 7. Bb5 Bd7 8.
dxe5 dxe5 9. O-O Bc5 10. Bg5 O-O 11. Nd5 Be7 12. Nxe7+ Qxe7 13. h3 Qe6 14. Re1
Rad8 15. Qe2 Nd4 16. Nxd4 exd4 17. e5 Bxb5 18. Qxb5 Rd5 19. Qc4 b5 20. Qxc7 Rc8
21. Qxa7 Rxe5 22. Rxe5 Qxe5 23. Bxf6 gxf6 24. Rd1 Rxc2 25. Qxd4 Qxd4 26. Rxd4
Rxb2 27. a3 Rb3 28. Rb4 Rxb4 29. axb4 Kf8 30. Kf1 Ke7 31. Ke2 Kd6 32. Ke3 h6
33. h4 h5 1-0

[Event "Autumn Cup"]
[Site "Wellington Chess Club"]
[Date "2022.06.16"]
[Round "5.1"]
[White "Chen, Wei Kai"]
[Black "Van der Hoorn, Thomas"]
[Result "0-1"]
[WhiteElo "1987"]
[BlackElo "1999"]

1. Nf3 d5 2. b3 Bg4 3. Bb2 Bxf3 4. exf3 e6 5. Nc3 Nf6 6. Qe2 c5 7. O-O-O Be7 8.
g4 Nc6 9. Re1 Rc8 10. Kb1 O-O 11. Qd1 a6 12. f4 b5 13. g5 Nd7 14. Qg4 c4 15. h4
cxb3 16. cxb3 b4 17. Na4 Nc5 18. Nxc5 Bxc5 19. g6 Bd4 20. gxh7+ Kh8 21. Bxd4
Nxd4 22. Rg1 Qf6 23. Bd3 a5 24. Re5 a4 25. bxa4 b3 26. a3 Nc2 27. Kb2 Nd4 28.
h5 Nc6 29. h6 gxh6 30. Qh5 Nxe5 31. fxe5 Qxf2 32. Rg8+ Rxg8 33. hxg8=Q+ Kxg8
34. Qxh6 Qd4+ 0-1

[Event "Autumn Cup"]
[Site "Wellington Chess Club"]
[Date "2022.06.16"]
[Round "5.1"]
[White "Malcolm, Leo"]
[Black "Young, Cohen"]
[Result "1-0"]
[WhiteElo "1800"]
[BlackElo "1860"]

1. e4 c5 2. c3 Nf6 3. e5 Nd5 4. d4 cxd4 5. Nf3 d6 6. Bc4 Nb6 7. Bb3 Nc6 8. exd6
Qxd6 9. O-O g6 10. Ng5 e6 11. Qf3 Qe7 12. Ne4 Bg7 13. Bg5 Qc7 14. Bf6 O-O 15.
Bxg7 Kxg7 16. Qf6+ Kg8 17. Qh4 Qd8 18. Qh6 f6 19. f4 Qe7 20. f5 gxf5 21. Rxf5
Nd7 22. Rf3 Kh8 23. Nbd2 dxc3 24. Rxc3 Nd4 25. Bd1 Rg8 26. Ng3 b6 27. Bh5 Bb7
28. Re1 Rac8 29. Rd3 Nc2 30. Rd1 Nb4 31. Rd4 Qc5 32. Nb3 Qc2 33. R4d2 Qc6 34.
Bf3 Nd5 35. Be4 Nf8 36. Nh5 f5 37. Rc2 Rg6 38. Qd2 Qd6 39. Rxc8 Bxc8 40. Bxd5
exd5 41. Qc3+ Kg8 42. Qxc8 Qe7 43. Qxf5 Qe2 44. Qxd5+ Kh8 45. Qd4+ Kg8 46. Nf4
1-0

[Event "Autumn Cup"]
[Site "Wellington Chess Club"]
[Date "2022.06.16"]
[Round "5.1"]
[White "Manoharan, Sivaram"]
[Black "Rossiter, Philip"]
[Result "0-1"]
[WhiteElo "1500"]
[BlackElo "1779"]

1. e4 c5 2. Nc3 Nc6 3. f4 e6 4. Nf3 Nge7 5. Bb5 a6 6. Bxc6 Nxc6 7. d3 Be7 8.
O-O O-O 9. Kh1 b5 10. g4 d5 11. e5 Bb7 12. f5 b4 13. Na4 exf5 14. gxf5 f6 15.
exf6 Rxf6 16. d4 Rxf5 17. Nxc5 Bxc5 18. dxc5 d4 19. Kg1 Qf6 20. Ng5 Rxg5+ 21.
Bxg5 Qxg5+ 22. Kf2 Qe3+ 0-1

[Event "Autumn Cup"]
[Site "Wellington Chess Club"]
[Date "2022.06.16"]
[Round "5.1"]
[White "Scott, Callum"]
[Black "Brockway, Andrew"]
[Result "1/2-1/2"]
[WhiteElo "1673"]
[BlackElo "1723"]

1. c4 e6 2. d4 d5 3. cxd5 exd5 4. Nc3 Nf6 5. Nf3 c6 6. Bg5 Be7 7. e3 Bf5 8. Nh4
Be6 9. Bd3 h6 10. Bxf6 Bxf6 11. Nf3 Nd7 12. Nd2 O-O 13. O-O Nb6 14. b4 Nc4 15.
a4 Nb2 16. Qc2 Nxd3 17. Qxd3 Rc8 18. Nb3 b6 19. a5 Qe7 20. b5 Qd7 21. Rfc1 Bf5
22. Qe2 Rfe8 23. bxc6 Rxc6 24. Nb5 Rec8 25. Rxc6 Rxc6 26. h3 Rc2 27. Nd2 Rxd2
28. Qxd2 Qxb5 29. axb6 Qxb6 30. Qa5 Kh7 31. Qxa7 Qxa7 32. Rxa7 Be6 1/2-1/2

[Event "Autumn Cup"]
[Site "Wellington Chess Club"]
[Date "2022.06.16"]
[Round "5.1"]
[White "Wilkins, Mark"]
[Black "Zaslow, Henry"]
[Result "0-1"]
[WhiteElo "1933"]
[BlackElo "1938"]

1. d4 Nf6 2. Bg5 d5 3. Nd2 c5 4. e3 Nc6 5. Ngf3 Qb6 6. Qc1 cxd4 7. exd4 Nxd4 8.
Nxd4 Qxd4 9. Be3 Qg4 10. Nf3 e6 11. h3 Qb4+ 12. c3 Qa5 13. Bd3 Bd6 14. O-O O-O
15. Bd4 Qc7 16. Bxf6 Bf4 17. Qc2 gxf6 18. g3 Bh6 19. Kh1 e5 20. Bxh7+ Kg7 21.
Bf5 Bxf5 22. Qxf5 Qc8 23. Nh4 Bg5 24. Qxc8 Raxc8 25. Nf5+ Kh7 26. h4 Bh6 27.
Rad1 Rcd8 28. Rd3 Rd7 29. Rfd1 Rfd8 30. Kg2 Kg6 31. g4 Bf8 32. h5+ Kg5 33. Kg3
e4 34. f4+ exf3 35. Kxf3 Bc5 36. c4 d4 37. a3 a5 38. Ng3 Rc7 39. Ne4+ Kh6 40.
Nxc5 Rxc5 41. Rxd4 Rxd4 42. Rxd4 a4 43. Rf4 f5 44. gxf5 Kxh5 45. f6 Kg5 46. Ke3
Re5+ 47. Re4 Kxf6 48. Rxe5 Kxe5 49. Kd3 f5 50. Ke3 f4+ 51. Kf3 b6 52. Ke2 Ke4
53. Kf2 f3 0-1

[Event "Autumn Cup"]
[Site "Wellington Chess Club"]
[Date "2022.06.16"]
[Round "5.1"]
[White "Winter, Ryan"]
[Black "Cilia Vincenti, David"]
[Result "1-0"]
[WhiteElo "2173"]
[BlackElo "2194"]

1. e4 c6 2. d4 d5 3. e5 c5 4. dxc5 e6 5. a3 Bxc5 6. b4 Be7 7. Bb2 f6 8. Nf3 a5
9. b5 Nd7 10. c4 Nxe5 11. Nxe5 fxe5 12. Bxe5 Nf6 13. Be2 O-O 14. O-O Nd7 15.
Bb2 Bf6 16. Bxf6 Qxf6 17. Nd2 d4 18. Ne4 Qe5 19. Bf3 Nc5 20. Re1 Rd8 21. Ra2
Ra7 22. Nxc5 Qxc5 23. Qd3 b6 24. Rae2 Rc7 25. Bc6 Rf7 26. Re5 Qd6 27. h3 Rf6
28. R5e4 Rf4 29. Re5 Rdf8 30. f3 g6 31. R1e2 Kg7 32. g3 R4f5 33. f4 Rxe5 34.
Rxe5 Rd8 35. h4 Qf8 36. h5 Qf7 37. Rg5 1-0

[Event "Autumn Cup"]
[Site "Wellington Chess Club"]
[Date "2022.06.16"]
[Round "5.2"]
[White "Ashe, Michael"]
[Black "Mangera, Muhammad"]
[Result "1-0"]
[WhiteElo "1688"]
[BlackElo "1367"]

1. d4 d5 2. c4 e6 3. Nc3 Nf6 4. cxd5 exd5 5. Bg5 Nbd7 6. e3 Be7 7. Bd3 b6 8.
Nge2 Bb7 9. O-O O-O 10. Qc2 c5 11. Rfd1 c4 12. Bf5 Re8 13. b3 Ne4 14. Bxe7 Qxe7
15. Bxe4 dxe4 16. bxc4 Rac8 17. Qb3 Ba6 18. Nb5 Nb8 19. a4 Bxb5 20. cxb5 Qe6
21. Qxe6 Rxe6 22. Rac1 Ree8 23. Nf4 Nd7 24. Nd5 Nb8 25. Rxc8 Rxc8 26. Ne7+ Kf8
27. Nxc8 a6 28. Nxb6 Ke8 29. Rc1 axb5 30. Rc8+ Ke7 31. Rxb8 b4 32. Nc4 Kd7 33.
Rxb4 Kc7 34. a5 Kc6 35. a6 Kc7 36. a7 Kd7 37. a8=Q Ke7 38. Qxe4+ Kf6 39. Rb6+
Kg5 40. h4+ Kh5 41. Qxh7+ Kg4 42. Ne5# 1-0

[Event "Autumn Cup"]
[Site "Wellington Chess Club"]
[Date "2022.06.16"]
[Round "5.2"]
[White "Malcolm, Aidan"]
[Black "Perrin, Brent"]
[Result "0-1"]
[WhiteElo "1787"]
[BlackElo "1887"]

1. d4 g6 2. e4 Bg7 3. Nc3 d6 4. Bc4 Nf6 5. Qe2 Nc6 6. e5 Nxd4 7. exf6 Nxe2 8.
fxg7 Rg8 9. Ngxe2 Rxg7 10. Bh6 Rg8 11. O-O Bf5 12. Rfe1 Bxc2 13. Bg5 h6 14.
Bxe7 Kxe7 15. Nd4+ Kf8 16. Nxc2 c6 17. Re2 d5 18. Bd3 Kg7 19. Rae1 Rc8 20. Nd4
c5 21. Nf3 c4 22. Bc2 d4 23. Rd2 d3 24. a4 Qa5 25. Bb1 a6 26. Re7 Qb4 27. Re4
Rge8 28. Rd4 Qa5 29. Ba2 b5 30. axb5 axb5 31. Rd5 Rb8 32. h3 Qa6 33. b3 Qa5 34.
bxc4 Qxc3 35. cxb5 Ra8 36. Kh2 Rxa2 37. R2xd3 Qc7+ 0-1

[Event "Autumn Cup"]
[Site "Wellington Chess Club"]
[Date "2022.06.16"]
[Round "5.2"]
[White "Pomeroy, Arthur"]
[Black "Forster, Bill"]
[Result "0-1"]
[WhiteElo "1987"]
[BlackElo "2034"]

1. e4 e5 2. Nf3 Nc6 3. Bb5 a6 4. Bxc6 dxc6 5. O-O Bg4 6. h3 Bh5 7. g4 Bg6 8.
Nxe5 Qh4 9. Qf3 O-O-O 10. d3 Bd6 11. Bf4 Nf6 12. Qg3 Qxg3+ 13. Bxg3 Rhe8 14.
Nxg6 Bxg3 15. fxg3 hxg6 16. Nd2 Re7 17. Kg2 Nd7 18. Rf2 f6 19. Raf1 Ne5 20. Nf3
Nf7 21. h4 Ne5 22. Nxe5 Rxe5 23. g5 Rc5 24. gxf6 gxf6 25. Kf3 g5 26. h5 g4+ 27.
Kxg4 Rg5+ 28. Kf4 Rxh5 29. Ke3 Rg8 30. Rxf6 Rxg3+ 31. R6f3 Rg6 32. Rf6 Rg2 33.
R1f2 Rg4 34. Rf8+ Kd7 35. c3 Rg1 36. R8f7+ Kd8 37. d4 Rh3+ 38. R7f3 Rxf3+ 39.
Kxf3 Ke7 40. Kf4 b6 41. Rh2 Rg7 42. e5 a5 43. Rh6 Kd7 44. Kf5 Rg2 45. Rh7+ Kd8
46. Ke6 Rg8 47. Kf7 Re8 48. Kf6 Rf8+ 49. Kg7 Re8 50. Kf6 Rf8+ 51. Kg7 Rf2 52.
e6 Rg2+ 53. Kf6 Rf2+ 54. Kg6 Rg2+ 55. Kf7 Rf2+ 56. Kg8 Rg2+ 57. Kf8 0-1

[Event "Autumn Cup"]
[Site "Wellington Chess Club"]
[Date "2022.06.16"]
[Round "5.2"]
[White "Sole, Michael"]
[Black "Croad, Nicolas"]
[Result "0-1"]
[WhiteElo "2095"]
[BlackElo "2441"]

1. e4 e5 2. Nf3 Nc6 3. Bb5 a6 4. Ba4 Nf6 5. O-O Be7 6. Re1 b5 7. Bb3 d6 8. c3
O-O 9. h3 Nb8 10. d4 Nbd7 11. Nbd2 Bb7 12. Bc2 Re8 13. a4 Bf8 14. Bd3 Qb8 15.
Qb3 c6 16. Qd1 c5 17. d5 c4 18. Bc2 Qc7 19. Nf1 bxa4 20. Bxa4 Reb8 21. g4 Nc5
22. Bc2 a5 23. N3d2 Ba6 24. Ne3 Nd3 25. Bxd3 cxd3 26. Nf5 g6 27. Nh4 h5 28. Qf3
hxg4 29. hxg4 Be7 30. Qh3 Kg7 31. g5 Nh5 32. Nf1 Rh8 33. Qg4 Bc8 34. Qf3 Nf4
35. Bxf4 Rxh4 36. Bg3 Rh5 37. Qxd3 Ba6 38. Qc2 Rah8 39. Nh2 Bxg5 40. b4 Qc8 41.
Rxa5 Rxh2 42. Bxh2 Qg4+ 43. Kh1 Rxh2+ 44. Kxh2 Bf4+ 0-1

[Event "Autumn Cup"]
[Site "Wellington Chess Club"]
[Date "2022.06.16"]
[Round "5.3"]
[White "Aldridge, Alan"]
[Black "Enegbuma, Wallace"]
[Result "0-1"]
[WhiteElo "1777"]
[BlackElo "1765"]

1. e4 c5 2. Nf3 Nc6 3. d4 cxd4 4. Nxd4 Qc7 5. Nc3 Nf6 6. Be2 g6 7. Be3 a6 8.
O-O Bg7 9. Qd2 d6 10. a4 Bd7 11. f4 Rc8 12. f5 h5 13. Nxc6 Bxc6 14. fxg6 fxg6
15. Bf3 Qa5 16. Qd3 Nd7 17. Rab1 Ne5 18. Qe2 Qb4 19. Bd2 Qd4+ 20. Be3 Qb4 21.
Bd2 Qb6+ 22. Kh1 Rf8 23. b4 Qc7 24. b5 axb5 25. Nxb5 Qd7 26. Bc3 Bxb5 27. Qxb5
Qxb5 28. Rxb5 Rxc3 29. Rxb7 Rxc2 30. Ra1 Nxf3 31. gxf3 Bxa1 0-1

[Event "Autumn Cup"]
[Site "Wellington Chess Club"]
[Date "2022.06.16"]
[Round "5.3"]
[White "Ker, Anthony"]
[Black "Dive, Russell"]
[Result "*"]
[WhiteElo "2443"]
[BlackElo "2394"]

1. e4 c6 2. d4 d5 3. exd5 cxd5 4. Bd3 Nc6 5. c3 Qc7 6. Bg5 e5 7. dxe5 Qxe5+ 8.
Qe2 Bg4 9. f3 Be6 10. f4 Qxe2+ 11. Nxe2 Bc5 12. Nd2 Nge7 13. Nb3 Bb6 14. Bxe7
Kxe7 15. Ned4 Kf6 16. Kd2 Nxd4 17. Nxd4 Bxd4 18. cxd4 Bf5 19. Rhe1 Bxd3 20.
Kxd3 Rac8 21. Re5 Rhd8 22. Rae1 Rd7 23. Rh5 h6 24. Ree5 Rc1 25. Rhf5+ Kg6 26.
Rxd5 Rd1+ 27. Ke3 Rc7 28. Rc5 Rd7 29. Rfd5 Re7+ 30. Re5 Rd7 31. Rc4 f6 32. Re4
b6 33. g4 h5 34. f5+ Kg5 35. gxh5 Kxf5 36. Rf4+ Kg5 37. Rf2 Re7+ 38. Kf3 Rd3+
39. Kg2 Kxh5 40. a4 Rd7 41. a5 R3xd4 42. Rxd4 Rxd4 43. axb6 axb6 44. Rf5+ Kg4
45. Rb5 Rd2+ 46. Kg1 f5 47. Rxb6 g5 48. Rb3 f4 49. Kh1 Kh4 50. Kg1 g4 51. Rb8
Rd5 52. Rh8+ Kg5 53. Rb8 Kf5 54. Rb4 f3 55. Kf2 Rd2+ 56. Kg1 Rg2+ 57. Kh1 Kg5
58. b3 Rb2 59. Kg1 Kh4 60. Rb8 Rb1+ 61. Kf2 Rb2+ 62. Kg1 Rc2 63. b4 Rg2+ 64.
Kh1 Kg5 65. Rc8 Kf4 66. Rc4+ Ke3 67. Rc3+ Kd4 68. Rb3 Kc4 69. Rb1 Kb5 70. Rf1
Re2 71. h3 gxh3 *

[Event "Autumn Cup"]
[Site "Wellington Chess Club"]
[Date "2022.06.16"]
[Round "5.3"]
[White "Qu, Lucas"]
[Black "Jones, Christopher"]
[Result "1-0"]
[WhiteElo "1289"]
[BlackElo "1531"]

1. e4 d5 2. exd5 Qxd5 3. Nc3 Qa5 4. d4 Bf5 5. Bc4 Nc6 6. a3 Nb4 7. Bb5+ c6 8.
Ba4 Nd5 9. Ne2 O-O-O 10. O-O Nxc3 11. Nxc3 e5 12. b4 Qa6 13. b5 cxb5 14. Bxb5
Qa5 15. Qf3 Bxc2 16. dxe5 a6 17. Bc4 Qxe5 18. Bf4 Qf5 19. g4 Qg6 20. Nd5 Be4
21. Qxe4 Qxg4+ 22. Kh1 Bc5 23. Bxa6 Qe6 24. Ne7+ Qxe7 25. Qc6+ 1-0

[Event "Autumn Cup"]
[Site "Wellington Chess Club"]
[Date "2022.06.16"]
[Round "5.3"]
[White "Symon, Christopher"]
[Black "Winsley, Nicholas"]
[Result "*"]
[WhiteElo "1888"]
[BlackElo "1882"]

1. d4 Nf6 2. Nf3 d5 3. c4 c6 4. Nc3 a6 5. a4 Bf5 6. Qb3 Ra7 7. Bf4 e6 8. e3 a5
9. c5 Nbd7 10. Rc1 Be7 11. Ne5 O-O 12. f3 Nxe5 13. Bxe5 Nd7 14. g4 Nxe5 15.
dxe5 Bh4+ 16. Kd2 Bg6 17. Ne2 f6 18. Nf4 Bf7 19. exf6 Bxf6 20. Bd3 e5 21. Ng2
e4 22. Be2 d4 23. Qa3 dxe3+ 24. Kxe3 Bd4+ *

[Event "Autumn Cup"]
[Site "Wellington Chess Club"]
[Date "2022.06.16"]
[Round "5.3"]
[White "Tanoi, Edward"]
[Black "Benitez, Edgar"]
[Result "0-1"]
[WhiteElo "2045"]
[BlackElo "2001"]

1. d4 d6 2. e4 Nf6 3. Nc3 c6 4. Nf3 Bg4 5. Be2 Nbd7 6. Be3 Qc7 7. Qd2 a6 8. a4
e5 9. O-O Be7 10. Rfe1 O-O 11. h3 Bh5 12. Nh2 Bxe2 13. Qxe2 b5 14. Qd3 Rfd8 15.
Ne2 d5 16. exd5 e4 17. Qb3 Nxd5 18. Ng3 Bd6 19. Nhf1 N7f6 20. Nf5 Bf8 21. Bg5
Re8 22. c3 h6 23. Bh4 Qf4 24. Bxf6 Nxf6 25. N1g3 h5 26. Ne3 h4 27. Ne2 Qg5 28.
axb5 axb5 29. c4 Bd6 30. cxb5 cxb5 31. Rxa8 Rxa8 32. Nc3 b4 33. Nc4 Bf4 34.
Qxb4 Bd2 35. Nxd2 Qxd2 36. Rd1 Qc2 37. Qb7 Re8 38. Re1 Qd3 39. Rd1 Qc2 40. Rf1
Qd3 41. Rd1 Qc2 42. Qb5 Rc8 43. Re1 Rd8 44. d5 Qd2 45. Qe2 Qd4 46. Rd1 Qb4 47.
Qb5 Qd6 48. Qc4 Qe5 49. Qd4 Qf5 50. b4 Re8 51. b5 Qg5 52. b6 e3 53. fxe3 Rxe3
54. b7 Re8 55. Rb1 Qg3 56. d6 Re1+ 57. Rxe1 Qxe1+ 58. Kh2 Qg3+ 59. Kh1 Nd7 60.
Ne4 Qe1+ 61. Kh2 Qb1 62. Qd5 Qf1 63. Qc4 0-1

[Event "Autumn Cup"]
[Site "Wellington Chess Club"]
[Date "2022.06.16"]
[Round "5.4"]
[White "Lynch, Oscar"]
[Black "Darr, Samuel"]
[Result "0-1"]
[WhiteElo "1487"]
[BlackElo "1581"]

1. d4 d5 2. c4 e6 3. Nf3 Nf6 4. g3 b6 5. Bg2 Bb7 6. Ne5 Nbd7 7. Qa4 Bd6 8. Bg5
O-O 9. Nxd7 Qxd7 10. Qxd7 Nxd7 11. Nc3 Bb4 12. Rc1 Rab8 13. cxd5 exd5 14. Bf4
Rbc8 15. Bh3 f5 16. O-O h6 17. a3 Bxc3 18. Rxc3 c5 19. Bd6 Rf6 20. Be5 Rf7 21.
g4 g6 22. gxf5 gxf5 23. Rg3+ Kh7 24. Rf3 (24. Bxf5+ Rxf5 25. Rg7+) 24... Rg8+
25. Kh1 Nxe5 26. Bxf5+ Kh8 27. Be6 Nxf3 28. Bxf7 Rg7 29. exf3 Rxf7 30. dxc5
bxc5 31. Re1 d4 32. Re8+ Kh7 33. Rb8 Rg7 34. Rc8 Bxf3# 0-1

[Event "Autumn Cup"]
[Site "Wellington Chess Club"]
[Date "2022.06.16"]
[Round "5.5"]
[White "Mavaram, Eashan"]
[Black "Paino, Roberto"]
[Result "0-1"]
[WhiteElo "1217"]
[BlackElo "1100"]

1. e4 e5 2. Nf3 Nc6 3. Bc4 Nf6 4. d3 h6 5. h3 Bc5 6. Nc3 d6 7. a3 a6 8. Bd2 Rb8
9. Nd5 b5 10. Nxf6+ Qxf6 11. Ba2 O-O 12. O-O Ne7 13. Be3 Bb6 14. Qd2 Qg6 15.
Nh4 Qf6 16. Nf3 Kh7 17. Rae1 Ng6 18. Kh2 Qd8 19. d4 c5 20. dxe5 Ba5 21. b4 cxb4
22. axb4 Bc7 23. Bd5 Nxe5 24. Nxe5 dxe5 25. Ba7 Ra8 26. Be3 Rb8 27. Rd1 Bb6 28.
Bxf7 Qxd2 29. Rxd2 Rxf7 30. Bxb6 Rxb6 {I can't work out the rest} 0-1

[Event "Autumn Cup"]
[Site "Wellington Chess Club"]
[Date "2022.06.16"]
[Round "5.6"]
[White "Hooper, John"]
[Black "Shepherd, Blake"]
[Result "0-1"]
[WhiteElo "1181"]
[BlackElo "1300"]

1. d4 d5 2. c4 Nf6 3. g3 c5 4. Bg2 Nc6 5. Nf3 dxc4 6. O-O Nxd4 7. Nxd4 Qxd4 8.
Nc3 Qxd1 9. Rxd1 a6 10. Na4 Nd7 11. Be3 e5 12. Rac1 Rb8 13. b3 b5 14. Nb2 cxb3
15. axb3 Be7 16. b4 c4 17. Ba7 Rb7 18. Bxb7 Bxb7 19. Be3 Bxb4 20. f4 Ba3 21.
Rc2 Be4 22. Rcd2 Bc5 23. Bxc5 Nxc5 24. Rd8+ Ke7 25. Rxh8 c3 26. Rdd8 cxb2 27.
Rhe8+ Kf6 28. Rd6+ Ne6 29. fxe5+ Kxe5 30. Rd1 Bc2 31. Re1 b1=Q 32. Rxb1 Bxb1
33. Ra8 Nc7 34. Rd8 a5 35. Rd7 Ne6 36. Rb7 Nd4 37. Kf2 Ba2 38. e3 Nc6 39. Rxb5+
Ke4 40. Rc5 Bd5 41. Ke2 a4 42. Kd2 a3 43. Kc1 Nb4 44. Kb1 a2+ 45. Ka1 Bb3 46.
Rc1 Nc2+ 47. Kb2 a1=Q+ 48. Rxa1 Nxa1 49. Kxa1 Kxe3 50. Kb2 Bd5 51. Kc2 Be4+ 52.
Kd1 Kf2 0-1

[Event "Autumn Cup"]
[Site "Wellington Chess Club"]
[Date "2022.06.16"]
[Round "5.7"]
[White "Hupert, Leo"]
[Black "McConnell, Jack"]
[Result "0-1"]
[WhiteElo "1277"]
[BlackElo "1100"]

1. d4 Nf6 2. Nc3 d5 3. f3 e6 4. a3 c5 5. e4 dxe4 6. fxe4 cxd4 7. Nb5 e5 8. c4
a6 9. Qa4 Bd7 10. Bd2 Nc6 11. c5 axb5 12. Qb3 Na5 13. Qb4 Nxe4 14. Bxb5 Nxd2
15. Kxd2 Bc6 16. Nf3 g6 17. Rhe1 Bg7 18. Qxd4 Bxb5 19. Qxd8+ Rxd8+ 20. Kc2 O-O
21. b4 Nc6 22. a4 Bd3+ 23. Kb3 e4 24. Nd2 Bxa1 25. Rxa1 e3 26. Nf3 Nd4+ 27.
Nxd4 Rxd4 28. Kc3 Rdd8 29. b5 e2 30. Re1 Bf5 31. Rxe2 Rd5 32. Kb4 Rc8 33. c6
bxc6 34. b6 Rb8 35. a5 Bd3 36. Re7 Ba6 37. Ra7 Bc8 38. Rc7 Bb7 39. g4 h5 40. h3
hxg4 41. hxg4 Kg7 42. a6 Bxa6 43. Rxc6 Rb5+ 44. Ka4 R5xb6 45. Rxb6 Rxb6 46. Ka5
Re6 47. Kb4 f5 48. g5 f4 0-1

[Event "Autumn Cup"]
[Site "Wellington Chess Club"]
[Date "2022.06.16"]
[Round "5.8"]
[White "Turner, Giles"]
[Black "Farrington, Lawrence"]
[Result "0-1"]
[WhiteElo "1265"]
[BlackElo "1600"]

1. e4 e6 2. d4 d5 3. Nc3 Bb4 4. Bd3 c5 5. a3 Bxc3+ 6. bxc3 Ne7 7. Nf3 Nbc6 8.
O-O cxd4 9. cxd4 O-O 10. Re1 f6 11. e5 fxe5 12. dxe5 Nf5 13. Bxf5 Rxf5 14. Qd3
h6 15. g4 Rf7 16. h4 Qf8 17. Re3 Rf4 18. g5 Rg4+ 19. Kf1 h5 20. g6 Rf4 21. Bd2
Qf5 22. Qxf5 Rxf5 23. Rae1 b6 24. Ng5 Ba6+ 25. Kg2 Re8 26. Rh1 Rxe5 27. Rxe5
Nxe5 28. Bc3 Nxg6 29. Kg3 e5 30. Rd1 Bb7 31. Rd3 e4 32. Re3 Bc6 33. Nh3 Ne7 34.
Nf4 Nf5+ 35. Kg2 Nxe3+ 36. fxe3 Rc8 0-1